| 000 | 01177nam a22003497a 4500 | ||
|---|---|---|---|
| 003 | CHAP | ||
| 005 | 20220329141711.0 | ||
| 008 | 971013s1980 r 00010 d | ||
| 010 | _a72435 | ||
| 011 | _a73407 | ||
| 035 | _a82964 | ||
| 040 | _cCHAP | ||
| 082 |
_a631.41 _bB3 |
||
| 100 | 0 | 0 |
_aBanin, A. _eed. _99961 |
| 245 | _aAgrochemicals in soils | ||
| 260 |
_aOxford : _bPergamon Press, _c1980 |
||
| 300 |
_a448 p. _b: ilus. ; gráfs. |
||
| 590 |
_aBATCH-UPD _b10 _c20130110 _lUCH01 _h0504 |
||
| 590 |
_aBATCH-UPD _b10 _c20130410 _lUCH01 _h0142 |
||
| 590 |
_aBATCH-UPD _b10 _c20130914 _lUCH01 _h1358 |
||
| 590 |
_aCONVERSION _b10 _c20130109 _lUCH01 _h1340 |
||
| 650 | 1 | 4 |
_aFertilizantes. _940447 |
| 650 | 1 | 4 |
_aQuímica agrícola. _993576 |
| 650 | 1 | 4 |
_aSuelos _xQuímica de. _9110470 |
| 700 | 0 |
_aKafkafi, V. _eed. _962583 |
|
| 901 | _aBK | ||
| 942 | _cLIBRO | ||
| 949 |
_a631.41 B3 _bBC _cLIBRO _d33724000066171 _eLIBRO _fc.4 _h52224 _i82964 _si |
||
| 949 |
_a631.41 B3 _bBC _cLIBRO _d33724000066189 _eLIBRO _fc.3 _h52223 _i82964 _si |
||
| 949 |
_a631.41 B3 _bBC _cLIBRO _d33724000066197 _eLIBRO _fc.2 _h51422 _i82964 _si |
||
| 949 |
_a631.41 B3 _bBC _cLIBRO _d33724000066205 _eLIBRO _h51421 _i82964 _si |
||
| 999 |
_c72435 _d72435 |
||